History Chain Quiz #4 - Statistics

General Stats
  • This quiz has been taken 157 times
  • The average score is 8 of 15
Answer Stats
Clue Answer % Correct
The "Terrible" Russian Tsar Ivan
90%
Surrealist Salvador ____ Dali
88%
Emperor of the French Napoleon
86%
Inventor of dynamite Nobel
84%
Ugandan dictator Idi Amin
72%
Counterpart of Before Christ Anno Domini
71%
Former Balkan state Yugoslavia
62%
Last Chinese dynasty Qing
53%
Holy Roman Emperor Charlemagne
52%
Earliest Mexican civilisation Olmec
44%
Father of the scientific method Galileo
27%
Inspiration for Ozymandias Rameses II
13%
Traded in the Indian ocean East India Company
10%
Dynasty of Iran Safavid
6%
Title of Seleucus Nicator
4%
No matching quizzes found
Score Distribution
Percent of People with Each Score
Percentile by Number Answered
Your Score History
You have not taken this quiz